Regionálne diferencie v nezamestnanosti a mzdách v podmienkach SR diplomová práca

Saved in:
Bibliographic Details
Main Author: Benda, Lukáš
Corporate Author: Národohospodárska fakulta EU. Katedra sociálneho rozvoja a práce
Other Authors: Rievajová, Eva
Format: Book
Language:Slovak
Published: Bratislava 2018
Tags: Add Tag
No Tags, Be the first to tag this record!

MARC

LEADER 00000nbm a2200000 4500
001 0244366
005 20181113143830.5
041 0 |a slo 
044 |a SK 
245 1 0 |a Regionálne diferencie v nezamestnanosti a mzdách v podmienkach SR  |b diplomová práca  |c Lukáš Benda ; školiteľ: Eva Rievajová 
264 1 |a Bratislava  |c 2018 
300 |a 78 s. 
100 1 |a Benda, Lukáš 
700 1 |a Rievajová, Eva 
710 2 |a Národohospodárska fakulta EU. Katedra sociálneho rozvoja a práce